Desarrollo humano (Registro nro. 3545)
[ vista simple ]
| 000 -CABECERA | |
|---|---|
| Longitud fija campo de control | 00987pam a2200265 a 4500 |
| 001 - NÚMERO DE CONTROL | |
| Número de control | 4015955 |
| 003 - IDENTIFICADOR DELl NÚMERO DE CONTROL | |
| Identificador del número de control | OSt |
| 005 - FECHA Y HORA DE LA ÚLTIMA TRANSACCIÓN | |
| Fecha y hora de la última transacción | 20140606213003.0 |
| 008 - CÓDIGOS DE INFORMACIÓN DE LONGITUD FIJA | |
| Códigos de información de longitud fija | 970502s1997 mex spa |
| 020 ## - NÚMERO INTERNACIONAL NORMALIZADO PARA LIBROS | |
| Número Internacional Normalizado para Libros (ISBN) | 968-880-808-3 |
| 040 ## - FUENTE DE LA CATALOGACIÓN | |
| Centro catalogador de origen | DLC |
| Centro transcriptor | BMC |
| Centro modificado | DLC |
| 082 ## - NÚMERO DE LA CLASIFICACIÓN DECIMAL DEWEY | |
| Númeroo de clasificación | 612.6 |
| 100 1# - PUNTO DE ACCESO PRINCIPAL-NOMBRE DE PERSONA | |
| Nombre de persona | Rice, F. Philip |
| 9 (RLIN) | 8158 |
| 245 10 - MENCIÓN DE TÍTULO | |
| Título | Desarrollo humano |
| Resto del título | : estudio del ciclo vital |
| Mención de responsabilidad, etc. | F. Philip Rice ; traducción, Ma.[sic] Elena Ortiz Salina ; revisión técnica, Ma.[sic] de Lourdes Reyes Ponce |
| 250 ## - MENCIÓN DE EDICIÓN | |
| Mención de edición | 2ª ed |
| 260 ## - PUBLICACIÓN, DISTRIBUCIÓN, ETC. (PIE DE IMPRENTA) | |
| Lugar de publicación, distribución, etc. | Naucalpan de Juárez (México) |
| Nombre del editor, distribuidor, etc. | Prentice-Hall Hispanoamericana |
| Fecha de publicación, distribución, etc. | cop. 1997 |
| 300 ## - DESCRIPCIÓN FÍSICA | |
| Extensión | XXVII, 668, [101] p. |
| Otras características físicas | il., gráf. |
| Dimensiones | 29 cm |
| 500 ## - NOTA GENERAL | |
| Nota general | Incluye índice |
| 504 ## - NOTA DE BIBLIOGRAFÍA, ETC | |
| Nota de bibliografía, etc. | Incluye referencias bibliográficas |
| 594 ## - NOTA AL TÍTULO Y MENCIÓN DE RESPONSABIBLIDAD | |
| Nota Al Título Y Mención De Responsabilidad | Traducido del inglés de la obra: Human development : a life-span approach, 2th ed. |
| 650 24 - PUNTO DE ACCESO ADICIONAL DE MATERIA - TÉRMINO DE MATERIA | |
| 9 (RLIN) | 8157 |
| Término de materia o nombre geográfico como elemento inicial | Crecimiento humano |
| 700 1# - PUNTO DE ACCESO ADICIONAL - NOMBRE DE PERSONA | |
| 9 (RLIN) | 8159 |
| Nombre de persona | Reyes Ponce, María de Lourdes |
| 700 1# - PUNTO DE ACCESO ADICIONAL - NOMBRE DE PERSONA | |
| 9 (RLIN) | 7091 |
| Nombre de persona | Ortiz Salinas, María Elena |
| 942 ## - ENTRADA DE ELEMENTOS AGREGADOS (KOHA) | |
| Fuente de clasificaión o esquema | Dewey Decimal Classification |
| Koha [por defecto] tipo de item | 1- Monografias |
| Suprimido | Perdido | Fuente de clasificación o esquema | Estropeado | Restricciones de uso | No para préstamo | Código de colección | Localización permanente | Localización actual | Localización en estanter&íacute;as | Fecha adquisición | Fuente de adquisición | Número de inventario | Préstamos totales | Renovaciones totales | Signatura completa | Código de barras | Fecha última consulta | Fecha último préstamo | Coste, precio reemplazado | Fecha del precio de reemplazo | Tipo de item de Koha |
|---|---|---|---|---|---|---|---|---|---|---|---|---|---|---|---|---|---|---|---|---|---|
| NULL | NULL | Dewey Decimal Classification | NULL | Prestable | NULL | NULL | Biblioteca Miguel de Cervantes - UNICAES | Biblioteca Miguel de Cervantes - UNICAES | Sala Principal | 30/10/2013 | Donación - UNICO | 005788 | 29 | 5 | 612.6 RIC des | 1005788 | 06/05/2024 | 03/05/2024 | 42.00 | 30/10/2013 | 1- Monografias |
| NULL | NULL | Dewey Decimal Classification | NULL | Prestable | NULL | NULL | Biblioteca Miguel de Cervantes - UNICAES | Biblioteca Miguel de Cervantes - UNICAES | Sala Principal | 30/10/2013 | Donación - UNICO | 005789 | 38 | 4 | 612.6 RIC des | 1005789 | 06/05/2024 | 03/05/2024 | 42.00 | 30/10/2013 | 1- Monografias |
| NULL | NULL | Dewey Decimal Classification | NULL | Prestable | NULL | NULL | Biblioteca Miguel de Cervantes - UNICAES | Biblioteca Miguel de Cervantes - UNICAES | Sala Principal | 16/03/2016 | Donación - Osmin Trigueros | 032200 | 26 | 7 | 612.6 RIC des | 1036913 | 06/05/2024 | 03/05/2024 | 28.50 | 16/03/2016 | 1- Monografias |